Las Recomendaciones del BID y el programa de estabilización y ajuste
Informe socioeconómico sobre la situación hondureña. La información básica se recopiló en marzo de 1989 y sus conclusiones y perspectivas de mediano plazo se discutieron con el presidente del Banco Central y con los ministros de Economía y Planificación. El Programa de Estabilización y Ajuste Estruc...
Gorde:
| Formatua: | Texto |
|---|---|
| Hizkuntza: | Spanish |
| Gaiak: | |
| Etiketak: |
Etiketa erantsi
Etiketarik gabe, Izan zaitez lehena erregistro honi etiketa jartzen!
|
MARC
| LEADER | 00000 a a2200000 04500 | ||
|---|---|---|---|
| 001 | 13158 | ||
| 003 | cru CIDCACS/IIS | ||
| 005 | 20230927113538.0 | ||
| 008 | 230927b |||||||| |||| 00| 0 spa d | ||
| 040 | |c cru CIDCACS/IIS | ||
| 245 | 4 | |a Las Recomendaciones del BID y el programa de estabilización y ajuste | |
| 500 | |a Colección Centroamérica | ||
| 520 | |a Informe socioeconómico sobre la situación hondureña. La información básica se recopiló en marzo de 1989 y sus conclusiones y perspectivas de mediano plazo se discutieron con el presidente del Banco Central y con los ministros de Economía y Planificación. El Programa de Estabilización y Ajuste Estructural iniciado en marzo de 1990 por el gobierno hondureño, incorpora "un gran número de las recomendaciones hechas en este estudio.. comparte plenamente las apreciaciones y el diagnóstico aquí planteados". Las apreciaciones sobre los sectores sociales (salud, saneamiento ambiental y educación) son interesantes porque evidencian las áreas de intervención del BID con miras a "palear el impacto desfavorable que los programas de ajuste normalemente tienen sobre los sectores más vulnerables.. sobre los estratos más pobres". Entre los resúmenes y conclusiones encontramos: 1. Honduras es uno de los países más pobres del hemisferio, el ingreso por habitante a fines de 1989 es de | ||
| 650 | |a AJUSTE ESTRUCTURAL | ||
| 650 | |a POBREZA | ||
| 650 | |a POBLACION RURAL | ||
| 650 | |a MORTALIDAD INFANTIL | ||
| 650 | |a MALNUTRICION | ||
| 651 | 4 | |a HONDURAS |9 2652 | |
| 773 | |g número 3; páginas 26-32 | ||
| 773 | 0 | |0 45149 |9 9475 |a Universidad Autónoma de Honduras. |d Tegucigalpla, Honduras: Universidad Autónoma de Honduras. Centro de Documentación de Honduras, |o MFN: 2235 |t Puntos de vista: | |
| 942 | |2 ddc |c PP | ||
| 999 | |c 39523 |d 39523 | ||
